000 00311nam a2200145Ia 4500
005 20251222153641.0
008 251222s9999||||xx |||||||||||||| ||spa||
020 _a8408012673
082 _a374.1/S66
100 _aSolé, Montse
245 0 _aSaber:
250 _a1ra.ed.
264 _bPlaneta
942 _cLIB
999 _c32747
_d32747